00446nam a22001217a 4500008004100000040005500041080002200096245010100118260006700219300001100286650001200297653001500309230627b |||||||| |||| 00| 0 eng d aNational Science LibrarycNational Science Library aR 5/6(038)=30bK7 aDictionary of science and technology: c/ Elsevier Scientific Publishing CompanybEnglish-German aAmsterdam: bElsevier Scientific Publishing Company, c1967 a1238p. aScience aTechnology